000 00479nam a2200193Ia 4500
008 101110s9999 xx 000 0 und d
041 _aENGLISH
082 _bSR13029
100 _aMehta and Mehta
245 _aIncome-tax ready reckoner 1982-83
365 _b48
520 _aCommerce
546 _aENGLISH
630 _aIncome-tax ready reckoner 1982-83
650 _aCommerce
655 _aCommerce
730 _aIncome-tax ready reckoner 1982-83
942 _cBOOK
999 _c807318
_d807315